000 00435nam a2200181Ia 4500
001 16536
005 20260306170316.0
008 260306t2010||||xx |||||||||||||| ||und||
041 _aESP
082 _a348.6
_bT869
100 _aToyama Miyagusuku, Jorge
_eAUT
245 0 _aManual de actualización laboral
260 _c2010
300 _a279 pƔginas :
_c24 cm.
650 _aGEN
654 _aCDE
942 _cLIB
_dJUS
_fJUS
_2ddc
_n
999 _c16536
_d16536